000 01426cam a2200421Ii 4500
001 sjds2069370
003 sjds
005 20200625185358.0
008 051116s2005 ag ab j b 000 0 spa d
020 _a9875506230 (pbk.)
020 _a9789875506237 (pbk.)
035 _a1381398
035 _a(OCoLC)62288948
035 _a(OCoLC)ocm62288948
035 _a1381398
040 _aDPL
_beng
_erda
_cDPL
_dBAKER
_dIF9
_dBTCTA
_dBDX
_dOCLCF
_dOCLCQ
_dIFA
041 _aspa
049 _aIFAA
099 _a398.2089
_f2005
100 1 _aSugobono, Nahuel.
245 1 0 _aLeyendas, mitos, cuentos y otros relatos esquimales /
_cpresentados por Nahuel Sugobono ; illustrados por Alejandro Ravassi.
246 3 0 _aEsquimales
260 _aBuenos Aires :
_bLongseller,
_cc2005
264 1 _aBuenos Aires :
_bLongseller,
_c[2005]
264 4 _cc2005
300 _a96 pages :
_bcolor illustrations, color map ;
_c21 cm
336 _atext
_btxt
_2rdacontent
337 _aunmediated
_bn
_2rdamedia
338 _avolume
_bnc
_2rdacarrier
504 _aIncludes bibliographical references (pages 93-94).
650 0 _aEskimos
_vFolklore
_vJuvenile literature.
650 0 _aLegends
_vJuvenile literature.
650 0 _aTales
_vJuvenile literature.
650 7 _aEsquimales
_vFolklore
_vLiteratura juvenil.
_2bidex
650 7 _aLeyendas
_vLiteratura juvenil.
_2bidex
700 1 _aRavassi, Alejandro,
_eillustrator.
942 _cBK
999 _c24623
_d24623